| 000 | 00954nam a2200277 a 4500 | ||
|---|---|---|---|
| 001 | 25854 | ||
| 003 | CO-ViMGA | ||
| 008 | 141112s2004 ck r 000 u spa d | ||
| 020 | _a9789586652605 | ||
| 040 |
_aCO-ViMGA _bspa _cCO-ViMGA |
||
| 041 | _aMUL | ||
| 090 | _aP DIC3 | ||
| 100 | 1 |
_aDickinson, Emily, 1830 - 1886 _940213 |
|
| 245 | 1 | 0 |
_aEl viento comenzó a mecer la hierba / _cEmily Dickinson ; selección y presentación de Juan Marqués ; ilustraciones de Kike de la Rubia ; traducción de Enrique Goicolea |
| 250 | _a1a ed. | ||
| 260 |
_aBogotá : _bNordicalibros, _c2013 |
||
| 300 | _a109 p. : il. col. | ||
| 500 | _aEdición bilingüe español - inglés. | ||
| 650 | 1 | 4 |
_aMUJERES COMO POETISAS _940214 |
| 650 | 1 | 4 |
_aPOESIA ESTADOUNIDENSE _915819 |
| 650 | 1 | 4 |
_aPOETAS ESTADOUNIDENSES _940215 |
| 700 | 1 |
_aDe la Rubia, Kike, 1980 - _940216 |
|
| 700 | 1 |
_aGoicolea, Enrique _940217 |
|
| 700 | 1 |
_aMarqués, Juan _940218 |
|
| 942 |
_2ddc _cBK |
||
| 999 |
_c5419 _d5419 |
||